000 00584nam a22001817a 4500
005 20251108170927.0
008 250721s1983 xx 000 0 ara d
082 1 4 _a622.15/دوب
100 1 _aدوبرين، ملتون ب
245 1 0 _aمقدمة في الإستكشاف الجيوفيزيائي /
264 1 _aنيويورك :
_bدار ماكجروهيل للنشر،
_c1983.
300 _a747ص
650 1 7 _aهندسة التعدين
650 1 7 _aالمناجم
700 1 _aإسماعيل، إسماعيل شعبان
_eترجمة
942 _2ddc
_cBK
999 _c52316
_d52316